UML 2.0 in a Nutshell / (Record no. 16252)
[ view plain ]
| 000 -LEADER | |
|---|---|
| fixed length control field | 01644cam a22004337a 4500 |
| 001 - CONTROL NUMBER | |
| control field | 14402576 |
| 005 - DATE AND TIME OF LATEST TRANSACTION | |
| control field | 20081015075427.0 |
| 008 - FIXED-LENGTH DATA ELEMENTS--GENERAL INFORMATION | |
| fixed length control field | 060606s2005 cc a | 001 0 eng |
| 010 ## - LIBRARY OF CONGRESS CONTROL NUMBER | |
| LC control number | 2006530121 |
| 015 ## - NATIONAL BIBLIOGRAPHY NUMBER | |
| National bibliography number | GBA529040 |
| Source | bnb |
| 016 7# - NATIONAL BIBLIOGRAPHIC AGENCY CONTROL NUMBER | |
| Record control number | 013170235 |
| Source | Uk |
| 020 ## - INTERNATIONAL STANDARD BOOK NUMBER | |
| International Standard Book Number | 0596007957 (pbk.) |
| 020 ## - INTERNATIONAL STANDARD BOOK NUMBER | |
| International Standard Book Number | 9780596007959 |
| 035 ## - SYSTEM CONTROL NUMBER | |
| System control number | (OCoLC)ocm58999170 |
| 040 ## - CATALOGING SOURCE | |
| Original cataloging agency | UKM |
| Transcribing agency | UKM |
| Modifying agency | CUS |
| -- | TEF |
| -- | BAKER |
| -- | NLGGC |
| -- | DLC |
| 042 ## - AUTHENTICATION CODE | |
| Authentication code | lccopycat |
| 050 00 - LIBRARY OF CONGRESS CALL NUMBER | |
| Classification number | QA76.9.O35 |
| Item number | P54 2005 |
| 082 00 - DEWEY DECIMAL CLASSIFICATION NUMBER | |
| Classification number | 006.7 |
| Edition number | 22 |
| Item number | PIL |
| 084 ## - OTHER CLASSIFICATION NUMBER | |
| Classification number | 54.52 |
| Source of number | bcl |
| 100 1# - MAIN ENTRY--PERSONAL NAME | |
| Personal name | Pilone, Dan. |
| 9 (RLIN) | 27856 |
| 245 10 - TITLE STATEMENT | |
| Title | UML 2.0 in a Nutshell / |
| Statement of responsibility, etc | Dan Pilone with Neil Pitman. |
| 246 30 - VARYING FORM OF TITLE | |
| Title proper/short title | UML 2.0 |
| 246 1# - VARYING FORM OF TITLE | |
| Display text | Subtitle on cover: |
| Title proper/short title | Desktop quick reference |
| 246 3# - VARYING FORM OF TITLE | |
| Title proper/short title | Universal Modeling Language two point zero in a nutshell |
| 250 ## - EDITION STATEMENT | |
| Edition statement | 1st ed. |
| 260 ## - PUBLICATION, DISTRIBUTION, ETC. (IMPRINT) | |
| Place of publication, distribution, etc | Beijing ; |
| -- | Sebastopol, CA : |
| Name of publisher, distributor, etc | O'Reilly Media, |
| Date of publication, distribution, etc | 2005. |
| 300 ## - PHYSICAL DESCRIPTION | |
| Extent | xv, 222 p. : |
| Other physical details | ill. ; |
| Dimensions | 23 cm. |
| 500 ## - GENERAL NOTE | |
| General note | Includes index. |
| 650 #0 - SUBJECT ADDED ENTRY--TOPICAL TERM | |
| Topical term or geographic name as entry element | UML (Computer science) |
| 9 (RLIN) | 27857 |
| 650 #0 - SUBJECT ADDED ENTRY--TOPICAL TERM | |
| Topical term or geographic name as entry element | Object-oriented programming (Computer science) |
| 9 (RLIN) | 27858 |
| 653 ## - INDEX TERM--UNCONTROLLED | |
| Resource For college | |
| Arrived date list | November2011 |
| 700 1# - ADDED ENTRY--PERSONAL NAME | |
| Personal name | Pitman, Neil. |
| 9 (RLIN) | 27859 |
| 856 41 - ELECTRONIC LOCATION AND ACCESS | |
| Materials specified | Table of contents only |
| Uniform Resource Identifier | <a href="http://www.loc.gov/catdir/toc/fy0608/2006530121.html">http://www.loc.gov/catdir/toc/fy0608/2006530121.html</a> |
| 856 42 - ELECTRONIC LOCATION AND ACCESS | |
| Materials specified | Publisher description |
| Uniform Resource Identifier | <a href="http://www.loc.gov/catdir/enhancements/fy0715/2006530121-d.html">http://www.loc.gov/catdir/enhancements/fy0715/2006530121-d.html</a> |
| 906 ## - LOCAL DATA ELEMENT F, LDF (RLIN) | |
| a | 7 |
| b | cbc |
| c | copycat |
| d | 2 |
| e | ncip |
| f | 20 |
| g | y-gencatlg |
| 942 ## - ADDED ENTRY ELEMENTS (KOHA) | |
| Source of classification or shelving scheme | Dewey Decimal Classification |
| Item type | Book - Borrowing |
| Withdrawn status | Item status | Source of classification or shelving scheme | Damaged status | Not for loan | Vendor | Home library | Current library | Shelving location | Date acquired | Source of acquisition | Cost, normal purchase price | Total Checkouts | Full call number | Barcode | Date last seen | Date last borrowed | Koha item type |
|---|---|---|---|---|---|---|---|---|---|---|---|---|---|---|---|---|---|
| Dewey Decimal Classification | Baccah | Central Library | Central Library | Lower Floor | 24/11/2011 | 180.00 | 1 | 006.7 PIL | 000025712 | 15/07/2025 | 27/11/2016 | Book - Borrowing |